000 01603nam a2200313 i 4500
003 OSt
008 221113s2022 cc ao e 000 0 chi d
020 _a9787505752320
_cRM54.00
_qpaperback
040 _aPPAK
_beng
_cPPAK
_erda
041 1 _achi
_hjpn
082 0 4 _223
_a305.5692092
090 0 0 _a305.5692092
_bKAM
_dG
100 1 _6880-01
_aKamura, Kazuma,
_d1946-
_eauthor.
245 1 0 _6880-02
_aGao bie ren lei qu du ju :
_bRi ben chuan qi liu lang han 43 nian huang ye you dang ji /
_c(ri)Jia cun yi ma zhu ; Huo hua yi
246 3 _iTranslation of:
_aDokutsu ojisan
250 _aDi 1 ban
264 1 _aBeijing :
_bChina Friendship Press,
_c2022
300 _a263 pages :
_billustrations, photographs ;
_c21 cm.
336 _atext
_2rdacontent
337 _aunmediated
_2rdamedia
338 _avolume
_2rdacarrier
520 _aThis book is the author's Kazuma Kamura's record of his real life. Born into a poor family in a Japanese mountain village, Kazuma Kamura was the most neglected among his siblings and often suffered domestic violence from his father. Unable to bear it, he ran away from home at the age of 13 and lived in a mining cave in the mountains. For the next 43 years, he lived on the margins of human society, subsisting on wild fruits and hunting, only a few times with others
600 0 _aKamura, Kazuma,
_d1946-
_vBiography
650 1 0 _aHomeless men
_zJapan
700 0 _aSpark,
_etranslator.
880 1 _6100-01
_a加村一马
_d1946-
_e作者.
880 1 0 _6245-02
_a告别人类去独居 :
_b日本传奇流浪汉43年荒野游荡记 / 加村一马
942 _2ddc
_cB
999 _c189971
_d189971